00513nam a2200193 a 4500001001300000003000900013005001700022008004100039020000800080082001600088100003100104245002100135260004300156300000900199500003500208505001200243650003300255700003100288nice12345678IN_TiNIC20260116011325.0050524s0000 laha grp 000 0 urd  ac200a297.64bBUK aBukhari, Syed Noorul Hasan aMasaeb-Us-Sahaba aLahorebDarut Tasneef Val Ishaatc0000 a176p aincludes index and biblioraphy2 aIndexes aMuhammad, Prophet-Companions1 aBukhari, Syed Noorul Hasan